000 01418nam a2200325 i 4500
003 EG-GICUC
005 20260415164525.0
008 260415s1911 fr ||||fr|||| 000 0 fre d
040 _a EG-GICUC
_bfre
_c EG-GICUC
_d EG-GICUC
_erda
041 0 _afre
082 0 4 _221
_a343.634
_bR A . O
092 0 4 _221
099 _aLaw1 10 343.634 R A . O 1911
100 0 _aLe D' F. Raymond
_eAuthor.
245 _aLes Obsessions et La Psychasthenie.
_n2,
_pFragments Des Leçons Cliniques Du Maudi Sur Les Etats Neurastheniques, Les Aboulis, Les Sentimenes D'incompletude. Les Agitations Et Les Angousses Diffuses, Les Algien, Les Phomes, Les Deliges Du Contact, Les Tics, Les Manies Mentales, Les Folies Du Doute, Les Idées Obsedantes, Les Impulsions, Leur Pathogenie Et Leur Traitement.
_cPar Le D' F. Raymond, Le D' Pierre Janet
250 _aDeuxième Édition
264 1 _aParis :
_bFélix Alcan, Éditeur,
_c1911.
300 _a543 Pages, pagination diverse :
_bgraphiques ;
_c24 Cm.
336 _2rda content
_atext
337 _2rda media
_aComputer
338 _2rda carrier
_aOnline Resource
500 _aTous droits de traduction et de reproduction réservés.
546 _aTexte en français
650 1 _2Droit pénal
651 1 _2qrmak
700 0 _aLe D' Pierre Janet
_eCo-Auteur
856 4 0 _uhttps://fll.law.cu.edu.eg/fulltext/bks/B10-00406.pdf
905 _a62
942 _2ddc
_cBK
_e21
_n0
999 _c71154
_d71154